|
|
|
|
| LEADER |
00000nam0a2200000 4500 |
| 001 |
343678 |
| 005 |
20231102005602.0 |
| 010 |
|
|
|a 9785001010784
|
| 035 |
|
|
|a (RuTPU)RU\TPU\book\374103
|
| 090 |
|
|
|a 343678
|
| 100 |
|
|
|a 20191014d2018 km y0rusy50 ca
|
| 101 |
1 |
|
|a rus
|
| 102 |
|
|
|a RU
|
| 105 |
|
|
|a a z 001zb
|
| 200 |
1 |
|
|a Самая большая ошибка Эйнштейна
|e пер. с англ.
|f Д. Боданис
|
| 210 |
|
|
|a Москва
|c Лаборатория знаний
|d 2018
|
| 215 |
|
|
|a 304 с.
|c ил.
|
| 225 |
1 |
|
|a Universum
|
| 320 |
|
|
|a Библиогр.: с. 284-286
|
| 330 |
|
|
|a Альберт Эйнштейн, которого многие считают самым выдающимся ученым всех времен и народов; создатель теории относительности, перевернувший все представления о времени и пространстве; Эйнштейн, с работ которого началась атомная эра в истории человечества, в конце жизни оказался в полной интеллектуальной изоляции, никому не нужный и не интересный. Как такое могло произойти, какие ошибки великого физика привели к столь печальному финалу? Об этом — новая книга известного американского писателя, лауреата множества литературных премий, автора бестселлеров "Е = тс2. Биография самого знаменитого уравнения в мире" и "Электрическая Вселенная", переведенных на 26 языков мира.
|
| 600 |
|
1 |
|a Эйнштейн
|g Альберт
|b А.
|c немецкий физик-теоретик
|c Нобелевский лауреат
|f 1879-1955
|2 stltpush
|3 (RuTPU)RU\TPU\pers\817
|
| 606 |
1 |
|
|a Физики
|x Персоналии
|2 stltpush
|3 (RuTPU)RU\TPU\subj\67452
|9 83245
|
| 610 |
1 |
|
|a физика
|
| 610 |
1 |
|
|a история
|
| 610 |
1 |
|
|a биографии
|
| 610 |
1 |
|
|a гениальность
|
| 610 |
1 |
|
|a ученые
|
| 610 |
1 |
|
|a теория относительности
|
| 610 |
1 |
|
|a Вселенная
|
| 610 |
1 |
|
|a астрономия
|
| 610 |
1 |
|
|a физические открытия
|
| 610 |
1 |
|
|a квантовая механика
|
| 675 |
|
|
|a 53(092)
|v 4
|
| 700 |
|
1 |
|a Боданис
|b Д.
|g Дэвид
|
| 801 |
|
1 |
|a RU
|b 63413507
|c 20191014
|
| 801 |
|
2 |
|a RU
|b 63413507
|c 20191118
|g RCR
|
| 942 |
|
|
|c BK
|
| 959 |
|
|
|a 16/20191014
|d 1
|e 480,70
|f ЧЗТЛ:1
|